000 00365nam a2200145Ia 4500
005 20251222144844.0
008 251222s9999||||xx |||||||||||||| ||spa||
020 _a9786073209496
082 _a658.403.8/L29
100 _aLaudon, Kenneth C.
245 0 _aSistemas de Información Gerencial
250 _a12da. ed.
264 _bPearson Educación
942 _cLIB
999 _c21334
_d21334